|
|
|
|
| LEADER |
00000nam a22000007a 4500 |
| 003 |
cru CIDCACS/IIS |
| 005 |
20240109162826.0 |
| 008 |
240109b2001 cr ||||| |||| 00| 0 spa d |
| 020 |
|
|
|a 9977-65-218-X
|
| 040 |
|
|
|a cru CIDCACS/IIS
|c cru CIDCACS/IIS
|
| 090 |
|
|
|a 05.03.05 V982m
|
| 100 |
1 |
|
|a Vries, Pieter de
|9 11831
|
| 245 |
1 |
3 |
|a La modernización del clientelismo en el Atlántico de Costa Rica/
|b Pieter de Vries y Guiselle Vargas Ramírez, traductora
|
| 260 |
|
|
|a Heredia, Costa Rica:
|b EUNA
|c 2001
|
| 300 |
|
|
|a 394 páginas
|
| 650 |
0 |
7 |
|0 TESAUROS
|2 TESAUROS
|
| 700 |
1 |
|
|a Vargas Ramírez, Guiselle
|9 11834
|
| 942 |
|
|
|2 ddc
|c LI
|h <script>document.querySelector('[id^="tag_090_subfield_a"]').value</script>
|i 24019
|6 SCRIPTDOCUMENTQUERYSELECTORIDTAG_090_SUBFIELD_AVALUESCRIPT_24019
|
| 999 |
|
|
|c 45435
|d 45435
|